D'Homére à Plutarque, itinéraires historiques: recueil d'articles

Gespeichert in:
Bibliographische Detailangaben
1. Verfasser: Brun, Patrice (VerfasserIn)
Format: Buch
Sprache:Französisch
Veröffentlicht: París, Francia Ausinius Éditions 2007
Schriftenreihe:Scripta Antiqua, 19
Schlagworte:
Tags: Tag hinzufügen
Keine Tags, Fügen Sie den ersten Tag hinzu!

MARC

LEADER 00000cam a2200000 a 4500
001 UCD5295
003 CL-VaPUC
005 20220318074004.0
008 160819e20070000fr |||||||||||||||||fre|d
999 |c 366014  |d 366012 
020 |a 2910023907 
040 |c Pontificia Universidad Católica de Valparaíso 
082 0 4 |a 938 BRU 2007  |2 21 
100 0 |a Brun, Patrice  |e author  |9 589064 
245 1 0 |a D'Homére à Plutarque, itinéraires historiques:  |b  recueil d'articles 
260 |a París, Francia  |b Ausinius Éditions  |c 2007 
300 |a 326 páginas 
490 0 |a Scripta Antiqua,  |v  19 
583 |a last modification  |c 20160819 12:52:00  |k Rodrigo Vera 
600 0 |a Homero   |e autor  |9 265577 
600 0 7 |a PLUTARCO  |2 CL-VaPUC  |9 319084 
650 7 |a HISTORIA DE GRECIA ANTIGUA  |2 CL-VaPUC  |9 520504 
650 0 |a Civilización griega  |9 265578 
942 |c BK  |2 ddc 
945 |d 20160819 12:52:00  |a arojas 
952 |0 0  |1 0  |2 ddc  |3 erb  |4 0  |6 938_000000000000000_BRU_2007  |7 0  |8 A  |9 480016  |a BIBHIS  |b BIBHIS  |i 5338417  |o 938 BRU 2007  |p 5338417  |r 2025-01-20  |t 1  |w 2019-11-24  |y BK  |z Catalogado en:20160819  |k HIS